| 000 | 00523nam a2200169Ia 4500 | ||
|---|---|---|---|
| 003 | OSt | ||
| 005 | 20200323145023.0 | ||
| 008 | 190216s9999||||xx |||||||||||||| ||und|| | ||
| 040 | _coclc | ||
| 082 |
_a297.6 _bNAD/S |
||
| 100 |
_aNadwi, Abul Hasan Ali _92085 |
||
| 245 | 0 |
_aSaviours Of Islamic Spirit Vol 1 / _c Abul Hasan Ali Nadwi |
|
| 260 |
_bIslamic Research And Publications, _c1983. _aLucknow: |
||
| 300 | _a362p | ||
| 650 | _aIslamic History | ||
| 942 |
_cBK _2ddc _h297.6 _iNAD/S _k297.6 _mNAD/S |
||
| 999 |
_c22405 _d22405 |
||